Normal view
MARC view
- DESIGN INDUSTRIAL CONGRESSES ROUND TABLES AND PROFESSORS SEMINARS PANEL SESSIONS PLANARY SESSIONS
Entry Topical Term
001 - CONTROL NUMBER
- control field: 75330
003 - CONTROL NUMBER IDENTIFIER
- control field: NUST
005 - DATE AND TIME OF LATEST TRANSACTION
- control field: 20210628205407.0
008 - FIXED-LENGTH DATA ELEMENTS
- fixed length control field: 210628|| aca||aabn | a|a d
040 ## - CATALOGING SOURCE
- Original cataloging agency: NUST
- Transcribing agency: NUST
150 ## - HEADING--TOPICAL TERM
- Topical term or geographic name entry element: DESIGN INDUSTRIAL CONGRESSES ROUND TABLES AND PROFESSORS SEMINARS PANEL SESSIONS PLANARY SESSIONS
670 ## - SOURCE DATA FOUND
- Source citation: Work cat.: (NUST): VAZQUEZ, PEDRO RAMIREZ,MARGAIN, ALEJANDRO LAZO 75329, INDUSTRIAL DESIGN AND HUMAN DEVELOPMENT, 1980
